|
|
|
|
| LEADER |
01100nam a22002772a 4500 |
| 001 |
000357104 |
| 003 |
CZ BrMZK |
| 005 |
20210824064213.0 |
| 007 |
ta |
| 008 |
980105s1972 xr f cze d |
| 015 |
|
|
|a cnb000157949
|
| 035 |
|
|
|a (OCoLC)42157660
|
| 040 |
|
|
|a BOA001
|b cze
|
| 100 |
1 |
|
|a Leskov, Nikolaj Semenovič,
|d 1831-1895
|7 jn19990210376
|4 aut
|
| 245 |
1 |
0 |
|a Neuvěřitelní lidé /
|c N.S. Leskov ; z díla vybral a přeložil Josef Myslivec
|
| 250 |
|
|
|a 1. vyd.
|
| 260 |
|
|
|a Praha :
|b Vyšehrad,
|c 1972
|
| 300 |
|
|
|a 161 s.
|
| 500 |
|
|
|a Dostupné též v digitální podobě v aplikaci Kramerius
|
| 700 |
1 |
|
|a Myslivec, Josef,
|d 1907-1971
|7 jk01082599
|4 trl
|
| 856 |
4 |
1 |
|u http://www.digitalniknihovna.cz/mzk/uuid/uuid:cd02e500-7f46-11ec-8ca2-005056827e52
|y Digitalizovaný dokument
|x NDK
|
| 910 |
|
|
|a BOA001
|b 2-0677.357
|
| 990 |
|
|
|a BK
|
| 991 |
|
|
|b 201305
|
| 996 |
6 |
|
|b 2619693760
|c 2-0677.357
|l Sklad H1
|r Sklad / do 24 hodin
|n 0
|h HS212
|w 000357104
|u 000020
|a 1
|e BOA001
|j MZK50
|s P
|
| 996 |
7 |
|
|b 2619849483
|c 2-0677.357
|l Sklad H1
|r Sklad / do 24 hodin
|n 9
|h HS212
|w 000357104
|u 000010
|a 1
|e BOA001
|j MZK50
|s A
|